000 00411nam a2200181Ia 4500
001 14598
005 20260306164926.0
008 260306t1993||||xx |||||||||||||| ||spa||
041 _aESP
082 _a515.330711
_bP97
100 _aPurcell, Edwin J.
_eAUT
245 0 _aCálculo diferencial e integral
260 _c1993
300 _a
_c
650 _aGEN
654 _aCMA
942 _cLIB
_dJUS
_fJUS
_2ddc
_n
999 _c14598
_d14598